000 00700cab a2200229 4500
001 ABS54320
008 090401t1996 xxu||||| |||| 00| 0 eng d
035 _a(Sirsi) u9790
041 _aeng
100 _aPollock, L.
245 _aVisions on Sunset Boulevard
260 _c1996
350 _a0
490 _aPlanning Week
_v4(4) 25 January 1996, 14-15(2)
520 _aNew towns such as Milton Keynes are concerned at the impact the winding down of the Commission for New Towns by 1998 will have on their future development.
650 _aCOMMISSION FOR NEW TOWNS
650 _aMILTON KEYNES
650 _aNEW TOWNS
690 _aECONOMIC AND SOCIAL
942 _n0
948 _c04/03/1997
999 _c6155
_d6155